[Event "Tasmanian Open 2017"]
[Site "Mount Carmel College, TAS"]
[Date "2017.06.12"]
[Round "5.2"]
[White "COHEN, Scott"]
[Black "KUYPERS, Ron"]
[Result "1-0"]
[WhiteElo "1614"]
[BlackElo "1072"]
[PlyCount "91"]
[EventDate "2017.06.12"]
[EventType "swiss"]
[EventRounds "6"]
[EventCountry "AUS"]

1. d4 Nf6 2. Nf3 g6 3. g3 d5 4. Bg2 Bg7 5. O-O O-O 6. c4 dxc4 7. Ne5 c6 8. Nxc4
Be6 9. Nba3 Qc8 10. Re1 Bh3 11. Bh1 Rd8 12. e3 c5 13. Qb3 Nc6 14. dxc5 Be6 15.
Qc2 Nb4 16. Qe2 Nd3 17. Rd1 Nxc5 18. Bd2 Bd5 19. Rac1 Bxh1 20. Kxh1 Qh3 21. Bb4
Nce4 22. Qf1 Qxf1+ 23. Rxf1 Nd5 24. Be1 a6 25. f3 Nd6 26. e4 Ne3 27. Nxe3 Bxb2
28. Rc7 Bxa3 29. Rxe7 Rac8 30. Ba5 Re8 31. Rd7 Bc5 32. Ng4 Re6 33. e5 Nf5 34.
Rxb7 Rec6 35. Rd1 Be7 36. Rdd7 Rc1+ 37. Kg2 R8c2+ 38. Kh3 Nxg3 39. Rxe7 Rxh2+
40. Nxh2 Rh1 41. Kxg3 Rxh2 42. Re8+ Kg7 43. Kxh2 Kh6 44. Bd2+ Kh5 45. Rxf7 a5
46. Rxh7# 1-0

[Event "Tasmanian Open 2017"]
[Site "Mount Carmel College, TAS"]
[Date "2017.06.12"]
[Round "5.3"]
[White "BONHAM, Kevin"]
[Black "RUMLEY, William"]
[Result "1-0"]
[WhiteElo "1916"]
[BlackElo "1098"]
[PlyCount "59"]
[EventDate "2017.06.12"]
[EventType "swiss"]
[EventRounds "6"]
[EventCountry "AUS"]

1. e4 e5 2. Nf3 Nc6 3. Nc3 Nf6 4. Bb5 d6 5. d4 Bd7 6. O-O Bg4 7. dxe5 dxe5 8.
Qxd8+ Kxd8 9. Bxc6 Bxf3 10. Bxb7 Rb8 11. gxf3 Rxb7 12. b3 Bb4 13. Bb2 Kc8 14.
Rfd1 Nh5 15. Nd5 Bd6 16. Ne3 Nf4 17. Nc4 Bc5 18. Nxe5 Nh3+ 19. Kg2 Nf4+ 20. Kf1
Rb6 21. Nd3 Nxd3 22. Rxd3 Rc6 23. c4 Rh6 24. Bxg7 Rxh2 25. Bxh8 Rxf2+ 26. Ke1
Rh2 27. Rad1 Bf2+ 28. Kf1 Bc5 29. Bd4 Rh1+ 30. Kg2 1-0

[Event "Tasmanian Open 2017"]
[Site "Mount Carmel College, TAS"]
[Date "2017.06.12"]
[Round "5.4"]
[White "LITTLE, Ian"]
[Black "LEE, Kam"]
[Result "1/2-1/2"]
[WhiteElo "1638"]
[BlackElo "1651"]
[PlyCount "49"]
[EventDate "2017.06.12"]
[EventType "swiss"]
[EventRounds "6"]
[EventCountry "AUS"]

1. e4 Nf6 2. e5 Nd5 3. d4 d6 4. c4 Nb6 5. exd6 cxd6 6. Nc3 g6 7. Be3 Bg7 8. Rc1
O-O 9. b3 Bf5 10. Bd3 Bxd3 11. Qxd3 e5 12. dxe5 dxe5 13. Qxd8 Rxd8 14. Nge2 Nc6
15. O-O f5 16. Bg5 Rd7 17. Rfd1 h6 18. Rxd7 Nxd7 19. Rd1 Nc5 20. Be3 Bf8 21.
Bxc5 Bxc5 22. Rd7 b6 23. Nd5 Rd8 24. Nf6+ Kf8 25. Nh7+ 1/2-1/2

[Event "Tasmanian Open 2017"]
[Site "Mount Carmel College, TAS"]
[Date "2017.06.12"]
[Round "5.5"]
[White "RAVICHANDREN, Niruruthi"]
[Black "McMAHON, Denis"]
[Result "0-1"]
[WhiteElo "1512"]
[BlackElo "1701"]
[PlyCount "55"]
[EventDate "2017.06.12"]
[EventType "swiss"]
[EventRounds "6"]
[EventCountry "AUS"]

1. c4 g5 2. d3 Bg7 3. g3 c6 4. Bg2 Na6 5. Nc3 h6 6. e4 e6 7. d4 Ne7 8. e5 d5 9.
c5 b6 10. cxb6 axb6 11. Nge2 c5 12. h4 cxd4 13. Nxd4 gxh4 14. Qg4 Bxe5 15. Qxh4
Ng6 16. Qg4 h5 17. Qd1 Nc5 18. Be3 h4 19. Nf3 hxg3 20. Rxh8+ Bxh8 21. fxg3 Ba6
22. Kf2 Qc7 23. Bf1 Bxc3 24. bxc3 Ne4+ 25. Kg2 Qxg3+ 26. Kh1 Bxf1 27. Qxf1 Ke7
28. Bxb6 0-1

[Event "Tasmanian Open 2017"]
[Site "Mount Carmel College"]
[Date "2017.06.12"]
[Round "5.7"]
[White "COX, Aidan"]
[Black "SHEPHERD, Chris"]
[Result "1-0"]
[WhiteElo "1588"]
[BlackElo "1318"]
[PlyCount "55"]
[EventDate "2017.06.12"]
[EventType "swiss"]
[EventRounds "6"]
[EventCountry "AUS"]

1. d4 Nf6 2. c4 e6 3. Nc3 Bb4 4. e3 d5 5. cxd5 exd5 6. Nge2 O-O 7. a3 Ba5 8.
Nf4 c6 9. Bd3 Ne4 10. Qc2 Re8 11. O-O Bf5 12. f3 Nxc3 13. Bxf5 Nb5 14. Bxh7+
Kh8 15. Bd3 a6 16. Qf2 Nd7 17. g4 Bc7 18. Ne2 Re6 19. f4 g5 20. h4 f6 21. hxg5
fxg5 22. Qh2+ Kg7 23. Qh7+ Kf8 24. fxg5+ Nf6 25. gxf6 Rxf6 26. Bd2 Bh2+ 27. Kg2
Qc7 28. Rxf6+ 1-0

[Event "Tasmanian Open 2017"]
[Site "Mount Carmel College, TAS"]
[Date "2017.06.12"]
[Round "6.1"]
[White "ROUT, Ian"]
[Black "IZADIAN, Bizhan"]
[Result "1-0"]
[WhiteElo "1975"]
[BlackElo "1503"]
[PlyCount "99"]
[EventDate "2017.06.12"]
[EventType "swiss"]
[EventRounds "6"]
[EventCountry "AUS"]

1. d4 Nf6 2. c4 g6 3. Nc3 Bg7 4. e4 d6 5. Be2 O-O 6. Bg5 b6 7. Nf3 Bb7 8. Qc2
Nbd7 9. O-O c5 10. d5 Ne8 11. a4 Nc7 12. Nb5 Na6 13. Nxd6 Qc7 14. Bxe7 Rfb8 15.
Nb5 Qf4 16. Bd6 Qh6 17. Bxb8 Rxb8 18. Rad1 Nb4 19. Qd2 Qh5 20. b3 Bh6 21. Qb2
Bg7 22. Qb1 a6 23. Na3 Re8 24. Rfe1 Bc3 25. Nc2 Bxe1 26. Rxe1 Ne5 27. Nxb4 cxb4
28. Nxe5 Qxe5 29. Bd3 a5 30. Qa1 Qg5 31. Qd4 Qd8 32. Re3 Bc8 33. Rf3 f5 34. e5
Qc7 35. Re3 g5 36. e6 f4 37. Rh3 Rd8 38. Rxh7 Qxh7 39. Bxh7+ Kxh7 40. Qxb6 Re8
41. Qxa5 Kh6 42. Qxb4 Kh5 43. h3 Kh4 44. Qc3 Rg8 45. Qf6 Kh5 46. Qf7+ Rg6 47.
e7 Bd7 48. e8=B Bxe8 49. Qxe8 g4 50. hxg4+ 1-0

[Event "Tasmanian Open 2017"]
[Site "Mount Carmel College, TAS"]
[Date "2017.06.12"]
[Round "6.2"]
[White "COHEN, Scott"]
[Black "BONHAM, Kevin"]
[Result "0-1"]
[WhiteElo "1614"]
[BlackElo "1916"]
[PlyCount "74"]
[EventDate "2017.06.12"]
[EventType "swiss"]
[EventRounds "6"]
[EventCountry "AUS"]

1. d4 Nf6 2. Nf3 e6 3. g3 d5 4. Bg2 Be7 5. O-O O-O 6. c4 Nbd7 7. Qc2 c6 8. Nc3
b6 9. Bf4 Bb7 10. b3 dxc4 11. bxc4 c5 12. Nb5 cxd4 13. Bc7 Qc8 14. Nfxd4 Bxg2
15. Kxg2 a6 16. Bd6 Bxd6 17. Nxd6 Qc5 18. Nxe6 fxe6 19. Rfd1 Ne5 20. Kg1 Ra7
21. Rac1 Rd7 22. Ne4 Rxd1+ 23. Rxd1 Nxe4 24. Qxe4 Qxf2+ 25. Kh1 Qf5 26. Qd4 Ng4
27. Kg2 Qf2+ 28. Qxf2 Rxf2+ 29. Kh3 h5 30. Kh4 Rxh2+ 31. Kg5 Kh7 32. Rd6 Rxe2
33. Rxb6 Rxa2 34. Rxe6 Ra5+ 35. Kh4 g6 36. c5 Kh6 37. c6 Ra2 0-1

[Event "Tasmanian Open 2017"]
[Site "Mount Carmel College, TAS"]
[Date "2017.06.12"]
[Round "6.3"]
[White "LEE, Kam"]
[Black "NGUYEN, Tan"]
[Result "1-0"]
[WhiteElo "1651"]
[BlackElo "1820"]
[PlyCount "71"]
[EventDate "2017.06.12"]
[EventType "swiss"]
[EventRounds "6"]
[EventCountry "AUS"]

1. d4 Nf6 2. c4 e6 3. Nc3 d5 4. cxd5 Nxd5 5. e4 Nxc3 6. bxc3 c5 7. Nf3 Be7 8.
Bc4 Qa5 9. Bd2 b5 10. Be2 O-O 11. O-O Qb6 12. Be3 Bb7 13. Bd3 c4 14. Bc2 Rd8
15. Ng5 Bxg5 16. Bxg5 f6 17. Be3 Qc6 18. Qg4 Qd7 19. f4 Qe7 20. f5 Bc8 21. Rf3
exf5 22. exf5 g5 23. h4 Bb7 24. Rh3 h6 25. hxg5 hxg5 26. Re1 Qg7 27. Qh5 Bd5
28. Bxg5 Nd7 29. Rg3 Bf7 30. Qh4 fxg5 31. Rxg5 Re8 32. Rxg7+ Kxg7 33. Qg5+ Kf8
34. Qh6+ Kg8 35. Rf1 Bd5 36. f6 1-0

[Event "Tasmanian Open 2017"]
[Site "Mount Carmel College, TAS"]
[Date "2017.06.12"]
[Round "6.4"]
[White "KUYPERS, Ron"]
[Black "McMAHON, Denis"]
[Result "0-1"]
[WhiteElo "1072"]
[BlackElo "1701"]
[PlyCount "87"]
[EventDate "2017.06.12"]
[EventType "swiss"]
[EventRounds "6"]
[EventCountry "AUS"]

1. Nf3 d6 2. e4 e5 3. Bc4 Nd7 4. d4 Be7 5. O-O c6 6. Nc3 h6 7. Re1 Qc7 8. Qe2
Ngf6 9. Bd2 Nf8 10. dxe5 dxe5 11. Rad1 Rg8 12. Bc1 g5 13. Rd3 Ng6 14. g3 Bh3
15. Bxg5 hxg5 16. Nxg5 Be6 17. Nxe6 fxe6 18. Kh1 Kf7 19. Red1 Rad8 20. Qf3 Rxd3
21. Rxd3 Rd8 22. Qf5 Qc8 23. Rf3 Rd6 24. Qh5 Qh8 25. Qxh8 Nxh8 26. Rd3 Rxd3 27.
cxd3 Ng4 28. Kg2 Bc5 29. Nd1 a5 30. h3 Nf6 31. a4 Nd7 32. h4 Ng6 33. h5 Ne7 34.
g4 Nc8 35. g5 Nd6 36. Bb3 Bd4 37. Kf3 Nc5 38. Bc2 b5 39. axb5 cxb5 40. Kg4 a4
41. f4 exf4 42. Kxf4 e5+ 43. Kf3 Kg7 44. Ke2 0-1

[Event "Tasmanian Open 2017"]
[Site "Mount Carmel College, TAS"]
[Date "2017.06.12"]
[Round "6.6"]
[White "RUMLEY, William"]
[Black "COX, Aidan"]
[Result "1-0"]
[WhiteElo "1098"]
[BlackElo "1588"]
[PlyCount "99"]
[EventDate "2017.06.12"]
[EventType "swiss"]
[EventRounds "6"]
[EventCountry "AUS"]

1. e4 d5 2. exd5 Qxd5 3. Nc3 Qd8 4. d4 Nf6 5. Bc4 a6 6. a4 Nc6 7. Nf3 Bg4 8.
Be3 e6 9. O-O Be7 10. Re1 O-O 11. Be2 Re8 12. Ne5 Bxe2 13. Nxc6 Bxd1 14. Nxd8
Bxc2 15. Nxb7 Rab8 16. Re2 Bd3 17. Rd2 Rxb7 18. Rxd3 Rxb2 19. Bf4 Bd6 20. Bxd6
cxd6 21. Rdd1 Reb8 22. Rab1 Rxb1 23. Rxb1 Rxb1+ 24. Nxb1 Nd5 25. g3 Nc3 26.
Nxc3 Kf8 27. Kg2 Ke7 28. Kf3 Kd7 29. Ke4 f6 30. g4 d5+ 31. Ke3 Kd6 32. f4 g6
33. Nb1 e5 34. Nd2 e4 35. Nb3 Kc6 36. Nc5 a5 37. Ne6 h6 38. Nf8 g5 39. f5 Kd6
40. Ne6 Kd7 41. Ng7 Kd8 42. Nh5 Ke7 43. Ng3 Kd7 44. Nf1 Kd6 45. Kf2 Ke7 46. Nd2
Kd6 47. Nb3 Kc6 48. Nxa5+ Kb6 49. Nb3 Kb7 50. Nc5+ 1-0

[Event "Tasmanian Open 2017"]
[Site "Mount Carmel College, TAS"]
[Date "2017.06.12"]
[Round "6.7"]
[White "SHEPHERD, Chris"]
[Black "RAVICHANDREN, Niruruthi"]
[Result "0-1"]
[WhiteElo "1318"]
[BlackElo "1512"]
[PlyCount "86"]
[EventDate "2017.06.12"]
[EventType "swiss"]
[EventRounds "6"]
[EventCountry "AUS"]

1. d4 Nf6 2. c4 g6 3. Nc3 d5 4. e3 Bg7 5. Nf3 O-O 6. cxd5 Nxd5 7. Bc4 Be6 8.
Qb3 c6 9. Qxb7 Qb6 10. Qxb6 axb6 11. Ng5 Nxe3 12. Nxe6 Nxc4 13. Nxf8 Kxf8 14.
O-O Bxd4 15. Bh6+ Ke8 16. Rad1 c5 17. Nb5 Rxa2 18. Nxd4 cxd4 19. Rxd4 Nd6 20.
Rd2 Nc6 21. Re1 Nf5 22. Bg5 h6 23. Be3 Nxe3 24. fxe3 f6 25. Rc1 Ne5 26. h3 Ra4
27. Rc8+ Kf7 28. Rb8 Rb4 29. Rc2 h5 30. Rb7 Ke6 31. Rcc7 Rxb2 32. Rxe7+ Kf5 33.
Re8 h4 34. Reb8 Nc4 35. Re8 Nd6 36. e4+ Kf4 37. e5 Nxe8 38. e6 Ke5 39. Re7 Nd6
40. Kf1 b5 41. Rh7 g5 42. e7 Ke6 43. Kg1 b4 0-1